| 000 | 00539nam a2200181Ia 4500 | ||
|---|---|---|---|
| 001 | 7677 | ||
| 005 | 20260306160512.0 | ||
| 008 | 260306t2013||||xx |||||||||||||| ||spa|| | ||
| 041 | _aESP | ||
| 082 |
_a353.93 _bJ24 |
||
| 100 |
_aJaramillo, Miguel _eAUT |
||
| 245 | 0 | _a¿ Tiene el presupuesto participativo algún efecto en la calidad de los servicios públicos? El caso del sector del agua y saneamiento en el Perú | |
| 260 | _c2013 | ||
| 300 |
_a82 páginas : _c22 cm. |
||
| 650 | _aGEN | ||
| 654 | _aCAN | ||
| 942 |
_cLIB _dJUS _fJUS _2ddc _n |
||
| 999 |
_c7677 _d7677 |
||